|
|
|
|
| LEADER |
01283nam a2200373 a 4500 |
| 001 |
000422537 |
| 003 |
CZ BrMZK |
| 005 |
20250220084629.0 |
| 007 |
ta |
| 008 |
990315s1996 xr a c p ita d |
| 015 |
|
|
|a cnb000642466
|
| 020 |
|
|
|a 80-85784-61-0
|
| 035 |
|
|
|a (OCoLC)39105468
|
| 040 |
|
|
|a BOA001
|b cze
|
| 041 |
0 |
|
|a ita
|a cze
|
| 080 |
|
|
|a 811.131.1
|2 MRF
|
| 080 |
|
|
|a (075.2)
|2 MRF
|
| 080 |
|
|
|a (075.3)
|2 MRF
|
| 080 |
|
|
|a (076.1)
|2 MRF
|
| 100 |
1 |
|
|a Kronbergerová, Marie
|7 jx20041116016
|4 aut
|
| 245 |
1 |
2 |
|a L'italiano? Si! :
|b pracovní sešit /
|c Marie Kronbergerová
|
| 250 |
|
|
|a 1. vyd.
|
| 260 |
|
|
|a Plzeň :
|b Fraus,
|c 1996
|
| 300 |
|
|
|a 62 s. :
|b obr. ;
|c 26 cm
|
| 500 |
|
|
|a Dostupné též v digitální podobě v aplikaci Kramerius
|
| 650 |
0 |
7 |
|a italština
|7 ph121249
|2 czenas
|
| 655 |
|
7 |
|a učebnice základních škol
|7 fd133773
|2 czenas
|
| 655 |
|
7 |
|a učebnice středních škol
|7 fd133771
|2 czenas
|
| 655 |
|
7 |
|a pracovní sešity
|7 fd133116
|2 czenas
|
| 856 |
4 |
1 |
|u http://www.digitalniknihovna.cz/mzk/uuid/uuid:af986fa0-f354-11ef-bd9e-5ef3fc9bb22f
|y Digitalizovaný dokument
|x NDK
|
| 910 |
|
|
|a BOA001
|b 3-1060.335
|
| 990 |
|
|
|a BK
|
| 991 |
|
|
|b 200707
|
| 996 |
6 |
|
|b 2610094521
|c 3-1060.335
|l MZK
|r Sklad / do 1 hodiny
|n 27
|p p.v.
|w 000422537
|u 000010
|a 1
|e BOA001
|j MZK50
|s P
|